000 01074nam a2200301Ia 4500
003 OSt
005 20221007124156.0
006 a|||||r|||| 00| 0
007 ta
008 221006b |||||||| |||| 00| 0 eng d
020 _a9788131505427 (pbk)
024 _a117932
037 _b2106, 09/12/2010, Educational Book Agency (India)
_cTextbook
040 _aCDL
_cCDL
_beng
041 _2eng
_aeng
082 _aE:3, P7-;1 Carc
100 _aSkoog Douglas A
_9718608
245 0 _aInstrumental analysis
_b Holler F James Crouch Stanley R
260 _aAustralia
_bCengage Learning
_c2007
300 _a1102p.
_ccm.
500 _aIncludes bibliographical references.; Appendices 1055-1092p.; Index 1093-1102p.
650 _a Instrumental analysis
_9391528
650 _aChemistry
700 _a Crouch Stanley R
_9718609
700 _a Holler F James
_9718610
942 _hE:3, P7-;1 Carc
_cTB
_2CC
999 _c1213117
_d1213117